| 000 | 01999cad a22003255a 4500 | ||
|---|---|---|---|
| 001 | L144163 | ||
| 008 | 080626e20080625xxk f f000 0 eng d | ||
| 020 | _a9781409801764 | ||
| 035 | _a(Sirsi) u144163 | ||
| 041 | 0 | _aeng | |
| 050 | 0 | 4 | _a692.2 $2 18 |
| 110 | 1 |
_aUnited Kingdom _bDepartment for Communities and Local Government _94939 |
|
| 245 | 0 | 4 |
_aThe next steps _bEPCs and the establishment of the Green Homes Service _h[electronic resource] |
| 260 |
_aLondon _bDCLG _c2008 |
||
| 520 | _aConsultation document seeking views on a number of practical steps for improving how Energy Performance Certificates (EPCs) will work in practice. The main steps include: giving the Energy Saving Trust access to the information contained in domestic EPCs as part of implementing the Green Homes Service; giving the Carbon Trust access to the information contained in non-domestic EPCs; allowing energy assessors to search the domestic register by address as well as by reference number; allowing search of the commercial register by address to know whether a given building has an EPC. Deadline for comments is 1 September 2008. | ||
| 521 | 2 | _aIntroductory | |
| 590 | _aKA NTK | ||
| 650 | 2 | 4 | _aDCLG CODE FOR SUSTAINABLE HOMES |
| 650 | 2 | 4 | _aHOUSING ACT 2004 PART V |
| 650 | 2 | 4 | _aHOME INFORMATION PACKS |
| 650 | 2 | 4 | _aENERGY PERFORMANCE CERTIFICATES |
| 650 | 2 | 4 | _aCOMMERCIAL ENERGY PERFORMANCE CERTIFICATES |
| 650 | 2 | 4 | _aEUROPEAN ENERGY PERFORMANCE OF BUILDINGS DIRECTIVE 2002/91/EC |
| 650 | 2 | 4 | _aENERGY PERFORMANCE OF BUILDINGS (CERTIFICATES AND INSPECTIONS) (ENGLAND AND WALES) REGULATIONS 2007 |
| 651 | 4 |
_aUnited Kingdom _y |
|
| 690 | _aENVIRONMENTAL AND LAND CONSULTANCY-ENERGY-ENERGY USE-ENERGY EFFICIENCY | ||
| 690 | _aPROPERTY-RESIDENTIAL PROPERTY-ACQUISITION AND DISPOSAL OF RESIDENTIAL PROPERTY-HOME BUYING REFORM | ||
| 856 | 4 | 0 |
_uhttps://www.communities.gov.uk/publications/planningandbuilding/epcnextsteps _zView the item free of charge at www.communities.gov.uk... |
| 942 | _n0 | ||
| 999 |
_c108399 _d108399 |
||